000 00873nam a2200265 a 4500
001 67247
003 BD-RjUL
005 20211209081630.0
008 170323s2001 enka b 001 0 eng
020 _a0198508158 (hbk : acidfree paper)
020 _a0198508166 (pbk : acidfree paper)
035 _a(BD-RjUL)67378
040 _aUKM
_cUKM
_dBD-RjUL
_beng
041 _aeng
082 0 0 _a530.13
_223
_bGLS 2001
100 1 _aGlazer, A. M.
_q(Anthony Michael)
_9199244
245 1 0 _aStatistical mechanics :
_ba survival guide /
_cA.M. Glazer and J.S. Wark.
260 _aNew York :
_bOxford University Press,
_c2001.
300 _axiii, 142 p. :
_bill. ;
_c24 cm.
504 _aIncludes bibliographical references and index.
650 0 _aStatistical mechanics.
_9199245
700 1 _aWark, J. S.
_q(Justin S.)
_9199246
942 _2ddc
_cBK
999 _c67247
_d67247